01379agaaa2200301 45000010005000000030009000050050017000140070009000310080040000400400023000800410013001031000048001161300013001642450092001772500022002692600120002913000034004115080123004455110087005685200081006555380016007365460013007526500062007657000057008277000061008847000072009457000060010171689IT-RoPAU20220918181226.0d cvaizq50131s9999||||xx ||| | || ||und|| aIT-RoPAUcIT-RoPAU aITALIANO aTestori GiovannigCodice regista SPICS: 786 aMACBETTO aMACBETTOcDiretto da: Testori GiovannipMACBETTO (Rif. Codice opera principale : 21689) aEdizione Standard aROMA (ITALIA)bRAI - RADIO TELEVISIONE ITALIANA / Distribuzione: RAIg"1983 (1° ed.: 1983 ; Ed. Lingua Orig.: nd)" aVHSbsonoro, col.c120 minuti a"Fotografia: Lanzano' Italo; Montaggio: Bondioli Stefano; Musica: Carpi Fiorenzo; Scenografia: Fercioni Gianmaurizi; " a"Parenti Franco; Rossi Luisa; Azim Raffaella; Bonacci Flavio; Battezzato Giovanni" aREALIZZATO NEL SALONE LOMBARDO DI MILANO DALLA COOPERATIVA DI FRANCO PARENTI aPAL, STEREO aITALIANO aTEATROeTV-TEATRO/DANZA [VHS]xCodice MATERIA SPICS: 9961 aCarpi Fiorenzoe(musica)gCodice Musica SPICS: 13640 aParenti Franco e(soggetto)gCodice Soggetto SPICS: 2876 aRuth Shammah Andreee(regista)gCodice secondo regista SPICS: 32882 aTestori Giovanni e(regista)gCodice regista SPICS: 786